000 00735nam a22002297a 4500
003 UA-OsUOA
001 62090
007 ta
008 20070410b un ||||| |||| 00| 0 ukr d
090 _a811.161.2
_bА43
942 _cBK
040 _aUA-OsUOA
_bukr
_cUA-OsUOA
_dUA-OsUOA
245 _aАктуальні проблеми сучасної філології
_bЗбірник наукових праць
300 _a155 с.
955 _a1
041 _aukr
080 _a811.161.2
260 _aРівне
_bРДГУ
_c2003
246 3 1 _aМовознавчі студії
_nВип.11
650 7 _a8 Мовознавство. Художня література. Літературознавство
_2UDC
999 _c348126
_d348126